Catálogo - Centro de Recursos para el Aprendizaje y la Investigación

Volver al Sitio - CRAI Biblioteca

Aportes de los cocolos a la identidad nacional dominicana / (Registro nro. 113901)

Detalles MARC
000 -CABECERA
campo de control de longitud fija 02278nam a2200397 4500
001 - NÚMERO DE CONTROL
campo de control 113901
003 - IDENTIFICADOR DEL NÚMERO DE CONTROL
campo de control DR-UNIBE
005 - FECHA Y HORA DE LA ÚLTIMA TRANSACCIÓN
campo de control 20260423111343.0
008 - DATOS DE LONGITUD FIJA--INFORMACIÓN GENERAL
campo de control de longitud fija 9789945451054
040 ## - FUENTE DE LA CATALOGACIÓN
Centro catalogador/agencia de origen BIBLIOTECA UNIBE
Centro/agencia transcriptor BIBLIOTECA UNIBE
Normas de descripción rda
041 ## - CÓDIGO DE LENGUA
Código de lengua del texto/banda sonora o título independiente spa
082 ## - NÚMERO DE LA CLASIFICACIÓN DECIMAL DEWEY
Número de clasificación RD 972.93 C667i
245 00 - MENCIÓN DE TÍTULO
Título Aportes de los cocolos a la identidad nacional dominicana /
Mención de responsabilidad, etc. Frank Moya Pons [y otros once]
260 ## - PUBLICACIÓN, DISTRIBUCIÓN, ETC.
Lugar de publicación, distribución, etc. Santo Domingo :
Nombre del editor, distribuidor, etc. Ministerio de Relaciones Exteriores,
Fecha de publicación, distribución, etc. 2024
300 ## - DESCRIPCIÓN FÍSICA
Extensión 304 páginas :
Otras características físicas ilustraciones
505 ## - NOTA DE CONTENIDO CON FORMATO
Nota de contenido con formato 1. Los cocolos ¿cuántos fueron? |<br/>2. Macorís, la provincia Cocola |<br/>3. Los cocolos en Santo Domingo |<br/>4. Migraciones caribeñas de las colonias inglesas hacia República Dominicana: procesos raciales y el impacto de las ideas de Garvey (1872-1950) |<br/>5. Aproximación historiográfica a los cocolos |<br/>6. En torno a la recepción de los cocolos en la República Dominicana |<br/>7. La palabra “cocolo”: una africanía encubierta |<br/>8. Garveyismo y racismo en el Caribe: El caso de la población cocola en la República Dominicana |<br/>9. El aporte de los cocolos a la cultura de San Pedro de Macorís |<br/>10. Momise, Guloyas e indios en el accionar conducente de Teophilus Chiverton (Primo) |<br/>11. Los guloyas, un aporte de los cocolos a la identidad cultural dominicana |<br/>
650 #7 - PUNTO DE ACCESO ADICIONAL DE MATERIA--TÉRMINO DE MATERIA
Fuente del encabezamiento o término lemb
Término de materia o nombre geográfico como elemento de entrada Migración de pueblos
Subdivisión geográfica El Caribe
9 (RLIN) 204315
650 #7 - PUNTO DE ACCESO ADICIONAL DE MATERIA--TÉRMINO DE MATERIA
Fuente del encabezamiento o término lemb
Término de materia o nombre geográfico como elemento de entrada Identidad cultural
650 #7 - PUNTO DE ACCESO ADICIONAL DE MATERIA--TÉRMINO DE MATERIA
Fuente del encabezamiento o término lemb
Término de materia o nombre geográfico como elemento de entrada Cultura
Subdivisión geográfica El Caribe
9 (RLIN) 204316
651 #7 - PUNTO DE ACCESO ADICIONAL DE MATERIA--NOMBRE GEOGRÁFICO
Fuente del encabezamiento o término lemb
Nombre geográfico República Dominicana
Subdivisión general Historia
9 (RLIN) 1416
653 #0 - TÉRMINO DE INDIZACIÓN--NO CONTROLADO
Término no controlado Historiografía
653 #0 - TÉRMINO DE INDIZACIÓN--NO CONTROLADO
Término no controlado Aportes culturales
700 ## - PUNTO DE ACCESO ADICIONAL--NOMBRE DE PERSONA
Nombre de persona Moya Pons, Frank,
Forma completa/desarrollada del nombre (Moya Pons, Rafael Francisco),
Fechas asociadas al nombre 1944-
Término indicativo de función/relación autor
9 (RLIN) 199245
700 ## - PUNTO DE ACCESO ADICIONAL--NOMBRE DE PERSONA
Nombre de persona Castillo Pichardo, José del
Término indicativo de función/relación autor
9 (RLIN) 197519
700 ## - PUNTO DE ACCESO ADICIONAL--NOMBRE DE PERSONA
Nombre de persona Inoa, Orlando
9 (RLIN) 33141
Término indicativo de función/relación autor
700 ## - PUNTO DE ACCESO ADICIONAL--NOMBRE DE PERSONA
Nombre de persona Rosario Fernández, Reina
9 (RLIN) 87474
Término indicativo de función/relación autor
700 ## - PUNTO DE ACCESO ADICIONAL--NOMBRE DE PERSONA
Nombre de persona Jarvis Luis, Rafael
9 (RLIN) 31516
Término indicativo de función/relación autor
700 ## - PUNTO DE ACCESO ADICIONAL--NOMBRE DE PERSONA
Nombre de persona Bryan, Patrick
Término indicativo de función/relación autor
9 (RLIN) 197520
700 ## - PUNTO DE ACCESO ADICIONAL--NOMBRE DE PERSONA
Nombre de persona Guerrero, José
9 (RLIN) 124519
Término indicativo de función/relación autor
700 ## - PUNTO DE ACCESO ADICIONAL--NOMBRE DE PERSONA
Nombre de persona García Muñiz, Humberto
9 (RLIN) 84878
Término indicativo de función/relación autor
700 ## - PUNTO DE ACCESO ADICIONAL--NOMBRE DE PERSONA
Nombre de persona Giovannetti-Torres, Jorge L.
Término indicativo de función/relación autor
9 (RLIN) 197521
700 ## - PUNTO DE ACCESO ADICIONAL--NOMBRE DE PERSONA
Nombre de persona Mota Acosta, Julio César
9 (RLIN) 155920
Término indicativo de función/relación autor
700 ## - PUNTO DE ACCESO ADICIONAL--NOMBRE DE PERSONA
Nombre de persona Cabrera, Enrique
Término indicativo de función/relación autor
9 (RLIN) 197522
700 ## - PUNTO DE ACCESO ADICIONAL--NOMBRE DE PERSONA
Nombre de persona Stanley, Avelino,
Fechas asociadas al nombre 1959-
9 (RLIN) 31876
Término indicativo de función/relación autor
942 ## - ELEMENTOS DE PUNTO DE ACCESO ADICIONAL (KOHA)
Fuente del sistema de clasificación o colocación Sistema de Clasificación Decimal Dewey
Tipo de ítem Koha Libro (general)
Existencias
Estado de retiro Estado de pérdida Fuente del sistema de clasificación o colocación No para préstamo Código de colección Localización permanente Fecha de adquisición Total de préstamos Signatura topográfica completa Código de barras Fecha visto por última vez Número de copia Precio válido a partir de Tipo de ítem Koha
  Disponible Sistema de Clasificación Decimal Dewey   General - Libros dominicanos Biblioteca Central UNIBE 22/07/2025   RD 972.93 C667i 250812 22/07/2025 Ej. 1 22/07/2025 Libro (general)